Statistics for Rob Swire Discography (Pendulum & Knife Party)

Click here to take the quiz!

General Stats

  • This quiz has been taken 25 times
  • The average score is 30 of 78

Answer Stats

AlbumAnswer% Correct
Hold Your Colour
85%
Watercolour
85%
100% No Modern Talking [Knife Party EP]Internet Friends
77%
Witchcraft
77%
Tarantula (featuring DJ Fresh, $pyda & Tenor Fly)
77%
Propane Nightmares
77%
Rage Valley [Knife Party EP]Rage Valley
69%
9,000 Miles
69%
Blood Sugar [2007 Reissue]
69%
The Tempest
62%
Granite
62%
The Island - Pt.I (Dawn)
62%
The Island - Pt.II (Dusk)
62%
The Vulture
62%
Bonfire
62%
AntidoteAntidote (Knife Party Dub)
62%
Salt in the Wounds
54%
Slam
54%
Self vs. Self (featuring In Flames)
54%
404
54%
Fasten Your Seatbelt (featuring The Freestylers)
54%
Visions
46%
Midnight Runner
46%
Mutiny
46%
Boss Mode
46%
Centipede
46%
Immersion [Pendulum Album]Genesis
46%
Girl in the Fire
46%
Intro
38%
Plastic World (featuring Fats & TC)
38%
Encoder
38%
The Fountain (featuring Steven Wilson)
38%
Begin Again
38%
Haunted House [Knife Party EP]Power Glove
38%
Streamline
38%
Immunize (featuring Liam Howlett)
38%
LRAD
38%
EDM Death Machine
38%
Trigger Warning [Knife Party EP]PLUR Police
38%
EDM Trend Machine (featuring Simon Alfred)
38%
Still Grey
38%
Parliament Funk
38%
Spiral / Ulterior Motive [Pendulum EP]Spiral
38%
In Silico [Pendulum Album]Showdown
38%
The Other Side
38%
Give It Up
31%
Micro*****
31%
Destroy Them With Lazers
31%
Ulterior Motive
31%
Hold Your Colour [Pendulum Album]Prelude
31%
Another Planet
31%
Different
31%
Under The Waves
31%
Crush
31%
Kaleidoscope
23%
Superstar (featuring Bryn Christopher)
23%
Through the Loop
23%
D.I.M.H.
23%
Sounds of Life (featuring Jasmine Yee)
23%
Out Here
23%
The Terminal
23%
Axle Grinder [2007 Reissue]
23%
Kraken (with Tom Staar)
23%
Sleaze (featuring MistaJam)
23%
Set Me On Fire
23%
Fire Hive
23%
Abandon Ship [Knife Party Album]Reconnect
15%
Resistance
15%
Comprachicos
15%
Torniquet
15%
Red Dawn
15%
In Silico Showcase [iTunes Bonus Track]
8%
Voyager
8%
Masochist
0%
Ransom [Download Only Single]
0%
Live at Brixton Academy [Pendulum Live Album]Star Wipe Intro (Ø)
0%
Credits
0%
Jungle Sounds: The Bassline Strikes Back! [Compilation Album]Kingston Vampires (with DJ Fresh)
0%

Score Distribution

Percentile by Number Answered

Percent of People with Each Score

Your Score History

You have not taken this quiz